000 00330nam a22001217a 4500
999 _c4664
_d4664
008 250307b ||||| |||| 00| 0 eng d
020 _a9781783413591
082 _aE FIC PRI
100 _aPRIDDY,ROGER
_eAUTHOR
245 _aPIP THE LITTLE PENGUIN
260 _a53-64 CHANCERY LANE,LONDON,WC2A 1QT
_bPRIDDY BOOKS
_c2006
942 _2ddc